000
00303nam a22001337a 4500
008
170615b xxu||||| |||| 00| 0 eng d
020
_a
9780691058801
041
_a
eng
080
_a
32
100
_a
19
101
_a
SHP
245
_a
REGIONAL ORDERS AT CENTURY'S DAWN
_c
SOLINGEN, E
942
_2
udc
_c
BK
999
_c
17568
_d
17568